00581 a2200193 4500001000700000003000400007005001700011008004100028020001800069082001400087100005600101245009300157260004000250300001000290630001600300630002200316700002600338700002300364138940OSt20210928170706.0  a9788178270845 a341bD99D1 aDynamics of international law in the new millennium1 aDynamics of international law in the new millenniumcedited by R.K. Dixit and C. Jayaraj aNew DelhibManak Publicationsc2004 a436p. aSocial Work aInternational law aDixit, R.K. eeditor  aJayaraj, C. ED ed.